| 000 | 02031nam a2200361 a 4500 | ||
|---|---|---|---|
| 001 | 000012551 | ||
| 003 | DO-SdBNP | ||
| 005 | 20180313095004.0 | ||
| 007 | 000012551 | ||
| 008 | 150130s2005 dr ac 000 0 spa d | ||
| 020 | _a9945110519 | ||
| 040 |
_aBPMSU _bspa _cBPMSU |
||
| 092 |
_a373.7 _b M722m 2do. 2005 |
||
| 100 | 1 | _aMolina Moloon, Andrés | |
| 245 | 1 | 0 |
_aMatemáticas 2 : _beducación media / _c Andrés Molina Moloon |
| 246 | 1 | 0 | _aEducación média: matemáticas 2 |
| 260 |
_aSanto Domingo : _bSantillana, _c2005. |
||
| 300 |
_a279 p. : _bil., retrs. ; _c28 cm. |
||
| 490 | 1 | _aÁmbar | |
| 500 | _aLa biblioteca posee 2do. curso/primer ciclo | ||
| 505 | 1 |
_g2do. curso / 1er. ciclo -- _gunidad 1 -- _tEl razonamiento matemático -- _gunidad 2 -- _tEstructuras algebraicas -- _gunidad 3 -- _tFactorización de polinomios -- _gunidad 4 -- _tRelaciones y funciones -- _tproyecto: El código de barras, I -- _gunidad 5 -- _tEcuaciones -- _gunidad 6 -- _tInecuaciones -- _gunidad 7 -- _tTriángulos y cuadriláteros -- _gunidad 8 -- _tPolígonos -- _gunidad 9 -- _tIntroducción a la trigonometría -- _gunidad 10 -- _tRelaciones trigonométricas inversas -- _gunidad 11 -- _tResolución de triángulos -- _gunidad 12 -- _tEcuaciones trigonométricas -- _tProyecto: Posición de un barco en el mar, I -- _gunidad 13 -- _tÁlgebra vectorial -- _gunidad 14 -- _tTransformaciones geométricas -- _gunidad 15 -- _tSucesiones de números reales -- _gunidad 16 -- _tEstadística y probabilidades -- _tProyecto: Posición de un barco en el mar, II -- |
|
| 650 | 4 |
_aMATEMÁTICAS _xENSEÑANZA SECUNDARIA |
|
| 650 | 4 |
_aEDUCACIÓN SECUNDARIA _zREPÚBLICA DOMINICANA |
|
| 650 | 4 |
_aMATEMÁTICAS _xLIBROS DE TEXTOS |
|
| 650 | 4 |
_aMATEMÁTICAS _xESTUDIOS Y EJERCÍCIOS |
|
| 830 | 0 | _aÁmbar | |
| 910 | _aValidado. Control de calidad MFF | ||
| 942 |
_2ddc _cBK |
||
| 945 | _aRemanejado para la BNPHU / 2018 BT | ||
| 956 |
_aDGARCIA _b10 _c20150706 _lBND01 _h1326 |
||
| 956 |
_aYLOCKWARD _b10 _c20150708 _lBND01 _h1151 |
||
| 956 |
_aVMATEO _b10 _c20150713 _lBPMSU _h00151 |
||
| 999 |
_c9506 _d9506 |
||